000 01877cam a22003371i 4500
003 SA-RiAUC
005 20250808152206.0
008 250806s1999 le g 000 0cara c
040 _aSA-JeALM
_bara
_cSA-RiAUC
_erda
050 1 4 _b.F3698 1999
082 0 4 _a922.58
_qSA-RiAUC
090 _a922.58
_b س ل م
100 1 _aالسلماسي الفقيه، يحيى بن إبراهيم بن أحمد،
_d494-550 هجري
_eمؤلف.
245 1 0 _aكتاب فيه منازل الأئمة الأربعة أبي حنيفة ومالك والشافعي وأحمد رضي الله عنهم أجمعين /
_cيحيى بن إبراهيم بن أحمد بن محمد السلماسي الفقيه. ضبط النص وعلق عليه ابو يحيى عبدالله الكندري
246 3 0 _aمنازل الأئمة الأربعة أبي حنيفة ومالك والشافعي وأحمد رضي الله عنهم أجمعين
250 _aالطبعة الأولى.
264 1 _aبيروت :
_bدار ابن حزم،
_c1999
300 _a159 صفحة ؛
_c24 سم
336 _aنص
_btxt
_2rdacontent
_3كتاب
337 _aبدون وسيط
_bn
_2rdamedia
338 _aمجلد
_bnc
_2rdacarrier
600 1 7 _aأبو حنيفة، النعمان بن ثابت التيمي،
_d80-150 هجري
_2aucnm
600 1 7 _aالإمام مالك، مالك بن أنس بن مالك،
_d93-179 هجري
_2aucnm
600 1 7 _aالإمام الشافعي، محمد بن إدريس بن العباس،
_d150-204 هجري
_2aucnm
600 1 7 _aالإمام ابن حنبل، أحمد محمد بن حنبل،
_d164-241 هجري
_2aucnm
650 7 _aالأئمة الأربعة
_2aucsh
650 7 _aالفقهاء
_vتراجم
_2aucsh
700 _aالكندري، ابو يحيى عبدالله
_eمعلق.
942 _2ddc
_cBOOK
_n0
949 _aSA-JeALM
_d250806
_uosman123
_n1
999 _c10653
_d10653